[Event "FTX Crypto Cup Prelims 2021"]
[Site "Chess24"]
[Date "2021.05.18"]
[Round "2.2"]
[White "Ding, Liren"]
[Black "Pichot, Alan"]
[Result "1-0"]
[WhiteElo "2836"]
[BlackElo "2533"]
[Annotator "TA"]
[PlyCount "97"]
[EventDate "2021.05.23"]
[EventType "tourn"]
[EventCountry "NET"]
[Tiebreak "Koya+Number of black wins+Number of wins"]
[SourceTitle "playchess.com"]
[Source "ChessBase"]
[SourceQuality "1"]

{[%evp 16,97,41,52,55,34,39,14,7,13,67,36,32,36,39,13,61,5,43,31,71,63,72,68,
74,73,84,73,77,67,68,57,57,57,54,55,57,72,69,61,61,61,65,62,87,22,27,20,86,85,
93,83,82,86,136,136,136,136,136,136,111,147,174,162,283,305,239,172,325,287,
652,680,695,697,697,686,658,647,1192,817,1511,1495,1694,1737]} 1. Nf3 Nf6 2. g3
g6 3. Bg2 Bg7 4. c4 O-O 5. d4 d6 6. O-O Nc6 7. Nc3 e5 8. d5 Nb8 {outshines the
older 8...Ne7.} 9. e4 a5 {E62: King's Indian: Fianchetto: 6...c6 and Panno
Variation (6...Nc6) without ...a6.} 10. Rb1 Na6 11. Re1 Nc5 {The position is
equal.} 12. b3 {[#]} c6 $146 (12... Bd7 $11) ({Predecessor:} 12... Bd7 13. a3
a4 14. b4 Nb3 15. Bb2 Bh6 16. Na2 Nh5 17. Nc1 f5 18. Nxb3 axb3 {1/2-1/2 (56)
Ding,L (2778)-Grischuk,A (2747) Wenzhou 2016}) 13. dxc6 bxc6 14. Ba3 Qe7 15.
Qd2 Rd8 16. Rbd1 (16. Bxc5 $14 dxc5 17. Qg5) 16... Be6 17. h3 Qc7 18. Ng5 Qb6
19. Qe3 Bh6 20. h4 Ne8 21. Bxc5 Qxc5 22. Qxc5 dxc5 23. Nxe6 fxe6 24. Na4 {
Black must now prevent Nb6.} Bd2 25. Rf1 ({Much weaker is} 25. Nxc5 Bxe1 26.
Rxe1 Rd2 $15) 25... Nc7 26. Nxc5 Bc3 27. Bh3 Kf7 28. Kg2 Ke7 29. f4 Bd4 30. Nb7
({White should try} 30. Nd3 $16) 30... Rdb8 $1 $11 {[%cal Rb8b7]} 31. fxe5 {
[%mdl 64] Overworked Piece} Bxe5 (31... c5 $1 $11 32. Nd6 Rf8) 32. Nc5 $16 {
Rd7+ is the strong threat. Black is on the road to losing.} Rd8 33. Nd3 $36 {
[%mdl 2048] White has strong initiative.} Bc3 34. Rf3 Na6 35. Rdf1 {Strongly
threatening Rf7+.} Rf8 {[#]} 36. Nf4 $1 Be5 37. Nxe6 Rxf3 38. Rxf3 a4 39. Ng5
a3 (39... Nc5 $142) 40. Rf7+ $18 {[%mdl 64] Double Attack} ({And not} 40. Nxh7
Nb4 $11) 40... Kd6 41. Rxh7 {And now Nf7+ would win.} Kc5 $2 {[#]} (41... Bc3 {
keeps fighting.} 42. Kf3 Kc5) 42. Rb7 $1 Kd4 $2 (42... Bc3 43. Bd7 Bf6) 43.
Nf3+ {White is clearly winning.} Kc3 44. Nxe5 Kb2 45. b4 Kxa2 {If only Black
now had time for ...Kb2....} 46. c5 Re8 47. Nc4 Rxe4 {[#]} 48. Ra7 $1 Rxc4 (
48... Nb8 49. Rxa3+) 49. Be6 {Weighted Error Value: White=0.12/Black=0.31} 1-0

[Event "FTX Crypto Cup Prelims 2021"]
[Site "Chess24"]
[Date "2021.05.18"]
[Round "2.3"]
[White "Grischuk, Alexander"]
[Black "Vachier-Lagrave, Maxime"]
[Result "0-1"]
[WhiteElo "2784"]
[BlackElo "2860"]
[Annotator "TA"]
[PlyCount "168"]
[EventDate "2021.05.23"]
[EventType "tourn"]
[EventCountry "NET"]
[Tiebreak "Koya+Number of black wins+Number of wins"]
[SourceTitle "playchess.com"]
[Source "ChessBase"]
[SourceQuality "1"]

{[%evp 25,168,10,0,0,18,8,11,0,16,0,7,0,0,0,15,-10,-15,-37,-29,-47,-12,-12,-8,
-12,-8,-8,-8,-68,0,-45,-38,-36,-36,-36,-35,-35,-41,-99,-56,-108,-113,-143,-143,
-128,-133,-117,-113,-148,-141,-154,-147,-159,-135,-204,-197,-204,-223,-183,
-144,-138,-141,-114,-123,-141,-132,-131,-81,-90,-90,-169,-165,-158,-163,-167,
-143,-141,-81,-81,-109,-115,-88,-95,-81,-81,-30,-88,-80,-82,-88,-176,-60,-80,
-30,-30,-8,-8,0,-81,-30,-150,-88,-88,-86,-1104,-1104,-2912,-2912,-2904,-2897,
-2777,-2843,-2674,-2704,-2337,-17,-2375,-2385,-2098,-1772,-1585,-1495,-1441,
-1236,-633,-588,-580,-580,-29956,-29961,-29962,-29959,-29958,-12708,-29972,
-29972,-29971,-29972,-29974,-29976,-29976,-29976,-29983,-29978,-29982,-29983]} 
1. d4 Nf6 2. c4 g6 3. Nc3 d5 4. cxd5 Nxd5 5. e4 Nxc3 6. bxc3 Bg7 7. Nf3 c5 8.
Be3 Qa5 9. Qd2 Nc6 10. Rb1 a6 11. Rc1 cxd4 12. cxd4 Qxd2+ 13. Kxd2 e6 14. h4 {
is now more promising than 14.Bd3. D85: Exchange Grünfeld: Unusual White 7th
moves and lines with 7 Nf3.} h6 $5 {[%mdl 4] Exploring less charted territory.}
15. Bd3 O-O 16. Rc5 {The position is equal.} Bd7 17. Rb1 b5 {[%cal Bb7b5,Bb5a4]
[%mdl 32] [#]} 18. a4 $146 ({Predecessor:} 18. Rbc1 Rfc8 19. Ke2 Bf8 20. R5c3
h5 21. Nd2 Bb4 22. R3c2 Ba3 23. Rb1 Nb4 24. Rxc8+ Rxc8 {1-0 (81) Yilmaz,M 
(2630)-Wagner,D (2581) Tornelo INT 2020}) 18... bxa4 19. Rb7 Nb8 20. Ra5 Rc8
21. Rb1 Be8 22. Ke2 Nc6 23. Rxa4 a5 24. Rba1 $1 Rab8 25. Bd2 Rb2 26. R4a2 ({
White should try} 26. Ke3 $11) 26... Rcb8 ({But not} 26... Nxd4+ $6 27. Nxd4
Rxa2 28. Rxa2 $11) (26... Bxd4 $15 27. Rxb2 Bxb2) 27. e5 Rxa2 28. Rxa2 a4 29.
Bc2 Nb4 30. Bxb4 Rxb4 31. Kd2 (31. Kd3 $15) 31... Bb5 32. Bd3 (32. Ke3 $15)
32... Bc6 $17 33. Kc3 Rb3+ 34. Kc2 Bf8 35. Nd2 Rb4 36. Kc3 Bxg2 37. Be4 Bh3 38.
Bc2 Be7 39. h5 (39. Ne4 $17 {might work better.}) 39... gxh5 $19 40. Ra1 Rb8
41. Rxa4 Bg2 42. Be4 Bxe4 43. Nxe4 $17 {[%mdl 4096] Endgame KRB-KRN} h4 44. Ra7
Kf8 45. Ra1 Bg5 46. Rh1 Rc8+ 47. Kd3 (47. Nc5 $17) 47... Rc1 $19 48. Rh2 Rd1+
49. Kc4 Kg7 50. f4 Bxf4 (50... Be7 $142 51. Nf6 Kg6 52. Rxh4 h5) 51. Rxh4 $17
Bg5 52. Rh3 Rc1+ 53. Kd3 Kg6 54. Rf3 Rg1 (54... Ra1 $17 {...Ra3+ is the strong
threat.} 55. Nxg5 hxg5 56. Rf6+ Kg7) 55. Nxg5 (55. Nd6 $1 $11 {keeps the
balance.}) 55... Rxg5 $11 {KR-KR} 56. Rf6+ Kg7 57. Ke3 (57. Rf4 $17) 57... h5 (
57... Rg3+ $19 58. Ke4 Rg4+ 59. Ke3 Rg3+ 60. Ke4 h5) 58. Rf4 Rg6 59. Kf3 Rg1 {
Strongly threatening ...Rf1+.} 60. Kf2 {[%cal Rf2g1]} Rg5 (60... Ra1 $11) 61.
Ke3 $17 Kf8 (61... Rg3+ $17 62. Ke4 Rg1) 62. Rf6 {[#]} (62. Kf3 $11) 62... Rg3+
(62... Rg4 $142 $1 63. Rf3 Ke7) 63. Kf2 Rg4 64. Rh6 $2 {[%mdl 8192]} (64. d5
$17) 64... Rxd4 $19 65. Rxh5 Rd5 66. Ke3 f5 67. Kf4 Rd4+ 68. Kg5 Kg7 {[%csl
Gf5][%cal Rd4g4]} 69. Rh1 {[#]} Rg4+ $1 70. Kh5 Re4 71. Kg5 Rxe5 72. Ra1 Re4
73. Ra7+ Kf8 74. Kf6 Ke8 75. Re7+ Kd8 76. Rh7 f4 77. Rf7 Re3 78. Kg5 e5 79. Kf5
f3 {Black mates.} 80. Ke6 e4 81. Kd6 Ke8 82. Re7+ Kf8 83. Ke6 Re2 84. Ra7 f2 {
Weighted Error Value: White=0.15/Black=0.15} 0-1

[Event "FTX Crypto Cup Prelims 2021"]
[Site "Chess24"]
[Date "2021.05.18"]
[Round "2.4"]
[White "Dubov, Daniil"]
[Black "So, Wesley"]
[Result "0-1"]
[WhiteElo "2770"]
[BlackElo "2741"]
[Annotator "TA"]
[PlyCount "62"]
[EventDate "2021.05.23"]
[EventType "tourn"]
[EventCountry "NET"]
[Tiebreak "Koya+Number of black wins+Number of wins"]
[SourceTitle "playchess.com"]
[Source "ChessBase"]
[SourceQuality "1"]

{[%evp 12,62,0,-5,14,5,14,9,16,0,16,17,0,12,24,0,15,0,0,0,0,0,0,-41,-35,-38,
-29,-30,-39,-35,-32,-65,-60,-120,-122,-122,-122,-183,-200,-212,-227,-403,-394,
-352,-364,-1113,-496,-1219,-1193,-29990,-6399,-29989,-29990]} 1. d4 Nf6 2. c4
e6 3. Nf3 d5 4. g3 Be7 5. Bg2 O-O 6. Qc2 (6. O-O dxc4 7. Na3 Bxa3 8. bxa3 Bd7
9. Ne5 Bc6 10. Nxc6 Nxc6 11. Bb2 Nd5 12. Rc1 Nb6 13. e3 Qe7 14. Qc2 Rfe8 15.
Rfd1 Rad8 16. h4 h6 17. Rd2 Rd7 18. Qc3 Red8 19. Rcd1 f5 20. Ba1 {0-1 (48)
Dubov,D (2710)-So,W (2770) chess24.com INT 2021}) 6... c5 7. dxc5 d4 {E06:
Closed Catalan: Early deviations.} 8. b4 a5 $1 9. b5 Bxc5 {The position is
equal.} 10. Nbd2 Nbd7 11. Nb3 {[#]} e5 $146 ({Predecessor:} 11... Bb4+ 12. Bd2
Bxd2+ 13. Nfxd2 a4 14. Nxd4 e5 15. Nf5 Nc5 16. Ne3 e4 17. O-O Qd4 {1-0 (36)
Dubov,D (2702)-Esipenko,A (2686) Moscow 2020}) 12. O-O {Threatens to win with
Nxe5!} Re8 13. Nxc5 Nxc5 14. Ba3 Qc7 15. Rab1 {Strongly threatening b6.} Bd7
16. Nd2 Rab8 17. b6 Qc8 18. Bxc5 Qxc5 19. Ne4 Nxe4 20. Bxe4 g6 21. Bd5 Bf5 {
[%mdl 64] Skewer} 22. Qd2 (22. Be4 $15) 22... Bxb1 $17 23. Rxb1 Rbd8 24. e4 (
24. a4 $17) 24... Rd6 $19 25. Rb5 {[#]} Rxd5 {[%mdl 512]} 26. exd5 $2 (26. f4 {
was worth a try.}) 26... Qxc4 27. Rxa5 {KQR-KQR} d3 {Hoping for ...Rc8.} 28. h4
$2 (28. d6 Qd4 {[%mdl 64] Double Attack} 29. d7 Qxd7 30. Rc5) 28... h5 (28...
Rc8 $142 {( -> ...Qc1+)} 29. d6 Qc1+ 30. Qxc1 Rxc1+ 31. Kg2 d2) 29. Kg2 (29. d6
$142 Qd4 {[%mdl 64] Double Attack} 30. d7 Qxd7 31. Rc5) 29... Rc8 30. Qg5 Qb4 (
30... Qe4+ $142 31. Kh2 Qe1 32. Qf6 d2 33. Qf3 d1=Q {[%mdl 64] Discovered
Attack} 34. Qg2 Rc1 35. Ra8+ Kg7 36. Rg8+ Kxg8 37. g4 Qg1+ 38. Qxg1 Qxg1+ 39.
Kh3 hxg4#) 31. d6 Qxa5 {Weighted Error Value: White=1.00/Black=0.39} 0-1

[Event "FTX Crypto Cup Prelims 2021"]
[Site "Chess24"]
[Date "2021.05.18"]
[Round "2.5"]
[White "Carlsen, Magnus"]
[Black "Nepomniachtchi, Ian"]
[Result "1/2-1/2"]
[WhiteElo "2881"]
[BlackElo "2778"]
[Annotator "TA"]
[PlyCount "94"]
[EventDate "2021.05.23"]
[EventType "tourn"]
[EventCountry "NET"]
[Tiebreak "Koya+Number of black wins+Number of wins"]
[SourceTitle "playchess.com"]
[Source "ChessBase"]
[SourceQuality "1"]

{[%evp 15,94,29,55,12,28,30,14,30,27,0,38,0,0,0,0,0,0,0,19,17,0,12,97,-17,0,0,
0,0,243,272,263,260,237,257,240,226,238,219,211,189,188,189,290,270,273,190,
183,168,175,158,204,204,204,203,191,20,20,20,20,20,20,20,20,20,20,20,18,18,18,
18,18,18,18,18,20,18,18,18,18,0,0]} 1. e4 c5 2. Nc3 e6 3. Nf3 Nc6 4. d4 cxd4 5.
Nxd4 Qc7 6. Be3 a6 7. Be2 b5 8. Nxc6 Qxc6 9. e5 $1 {[%mdl 4] is recently more
successful than 9.Bf3. B49: Sicilian: Taimanov: 5 Nc3 Qc7 6 Be3 a6 7 Be2.} Bb7
10. Bf3 Qc7 11. Bxb7 Qxb7 12. Qd3 Ne7 13. Bc5 {[#]} Qxg2 $146 ({Predecessor:} 
13... Ng6 14. Bxf8 Kxf8 15. O-O-O Ke7 16. Ne4 Qc7 17. Qa3+ Kd8 18. Nd6 Rf8 19.
Nxb5 Qxe5 20. Qa5+ Ke7 21. Qa3+ Kd8 22. Nd6 Rb8 23. g3 Ne7 24. f4 Qe2 25. Qa5+
{1-0 (25) Moles,J-O'Riordan,K Belfast 1966}) 14. O-O-O {[%csl Gd1][%cal Rd3d7]}
Qc6 15. Ne4 {Hoping for Nd6+.} Nf5 16. Bxf8 Rxf8 17. Rhe1 Rc8 18. Kb1 f6 (18...
Rh8 $11 {remains equal.}) 19. f4 (19. exf6 $1 $16 Rf7 20. fxg7 Rxg7 21. c3)
19... fxe5 20. fxe5 h6 21. Rg1 Qd5 $2 (21... Rf7 $1 $11 {and Black has nothing
to worry.}) 22. Nd6+ $18 {[%mdl 64] Double Attack} ({Weaker is} 22. Qxd5 exd5
23. Rxd5 Rc4 $11) 22... Ke7 23. Nxc8+ Rxc8 24. Qxd5 exd5 25. Rxd5 {[%mdl 4096]
Endgame KRR-KRN} Ke6 26. Rd3 g5 27. a4 bxa4 28. Rg4 Rc6 (28... Rc5 {keeps
fighting.} 29. Rxa4 a5) 29. Rxa4 h5 30. Rda3 g4 31. Kc1 Kxe5 32. Rxa6 h4 33.
Rxc6 $1 dxc6 {[#] KR-KN} 34. Kd1 $1 h3 {[#]} 35. Ke2 $2 ({Only move:} 35. Ra8
$1 $18) 35... g3 $1 $11 {The position is equal.} 36. Kf3 gxh2 37. Ra1 {Black
must now prevent c3.} Nd4+ $1 38. Kg3 {[%mdl 64] aiming for c3. Double Attack}
Nxc2 39. Rc1 Nb4 40. Kxh2 Kd4 41. b3 {Threatens to win with Rc4+.} c5 42. Kxh3
Nc6 43. Rc4+ Kd5 44. Kg2 Ne5 45. Rc1 c4 46. bxc4+ Nxc4 47. Rxc4 Kxc4 {Black
escapes into a draw.  Weighted Error Value: White=0.20/Black=0.25} 1/2-1/2

[Event "FTX Crypto Cup Prelims 2021"]
[Site "Chess24"]
[Date "2021.05.18"]
[Round "2.6"]
[White "Nakamura, Hikaru"]
[Black "Mamedyarov, Shakhriyar"]
[Result "1-0"]
[WhiteElo "2829"]
[BlackElo "2761"]
[Annotator "TA"]
[PlyCount "92"]
[EventDate "2021.05.23"]
[EventType "tourn"]
[EventCountry "NET"]
[Tiebreak "Koya+Number of black wins+Number of wins"]
[SourceTitle "playchess.com"]
[Source "ChessBase"]
[SourceQuality "1"]

{[%evp 15,92,16,24,0,20,27,26,21,8,6,21,19,20,20,15,22,14,4,12,11,37,30,69,37,
40,17,15,19,16,11,25,18,22,31,30,22,15,17,35,29,29,31,29,29,44,48,46,43,55,21,
30,28,18,25,44,31,60,41,45,16,119,116,127,95,206,206,207,207,206,206,206,206,
199,199,602,595,479,413,583]} 1. e4 e5 2. Nf3 Nc6 3. Bb5 Nf6 4. O-O Nxe4 5. Re1
Nd6 6. Nxe5 Be7 7. Bf1 Nxe5 8. Rxe5 O-O 9. Nc3 {C67: Ruy Lopez: Berlin Defence:
4 0-0 Nxe4.} Ne8 10. Nd5 {[%cal Bc3d5,Bd5e3,Be3f5,Bf5e7][%mdl 32]} Bd6 11. Re2
{White has an edge.} c6 12. Ne3 Bc7 13. Nf5 d5 14. Ne7+ Kh8 {[#] Strongly
threatening ...Be6.} 15. Nxc8 Rxc8 16. g3 Qd7 17. d3 Nd6 18. Be3 Rce8 19. Qd2 (
19. c4 $5) 19... Bb6 20. Bf4 Rxe2 21. Qxe2 Re8 {[#]} 22. Qf3 $146 ({
Predecessor:} 22. Qd2 Qe6 23. a4 Bc7 24. Qb4 Qe7 25. Bd2 Qd7 26. Re1 Rxe1 27.
Bxe1 Kg8 28. c4 dxc4 29. dxc4 {1/2-1/2 (45) Bernadskiy,V (2574)-Bosiocic,M 
(2597) Tsaghkadzor 2017}) 22... Qf5 {aiming for ...g5.} 23. Bg2 Re6 24. h4 Ne8
25. Kh2 {And now Bh3 would win.} Qf6 26. c3 Bc7 {Black wants to play ...Bxf4.}
27. Bg5 Qxf3 28. Bxf3 h6 29. Bd2 Nf6 30. h5 Kg8 31. Kg2 a5 32. c4 dxc4 33. dxc4
Ne4 34. Be1 Kf8 35. Rd1 Ke7 36. Bg4 Rd6 37. Rxd6 Bxd6 (37... Kxd6 $11 {remains
equal.} 38. Bf5 Nf6) 38. Bxa5 $14 {[%mdl 4096] Endgame KBB-KBN} Be5 39. Bf3 f5
(39... Nc5 $16) 40. Bxe4 $18 fxe4 {[#] KB-KB} 41. b3 {[%cal Bb2b3,Bb3b4][%mdl
32]} Kf6 {intending ...Kg5.} 42. Bd2 g6 43. hxg6 ({But not} 43. Bxh6 $6 gxh5
44. Kh3 Kf5 $16) 43... Kxg6 44. a4 h5 $2 (44... c5 45. g4 h5) 45. b4 Kf5 46.
Kh3 Bf6 {Weighted Error Value: White=0.07/Black=0.26} (46... Bd4 {is a better
defense.} 47. Be3 Bc3) 1-0

[Event "FTX Crypto Cup Prelims 2021"]
[Site "Chess24"]
[Date "2021.05.18"]
[Round "2.8"]
[White "Svidler, Peter"]
[Black "Caruana, Fabiano"]
[Result "0-1"]
[WhiteElo "2742"]
[BlackElo "2773"]
[Annotator "ChessBase"]
[PlyCount "68"]
[EventDate "2021.05.23"]
[EventType "tourn"]
[EventCountry "NET"]
[Tiebreak "Koya+Number of black wins+Number of wins"]
[SourceTitle "playchess.com"]
[Source "ChessBase"]
[SourceQuality "1"]
[TimeControl "900+10"]

1. e4 {[%emt 0:00:00]} e5 {[%emt 0:00:00]} 2. Nf3 {[%emt 0:00:00]} Nc6 {
[%emt 0:00:00]} 3. Bc4 {[%emt 0:00:00]} Nf6 {[%emt 0:00:00]} 4. d3 {[%emt 0:00:
00]} Bc5 {[%emt 0:00:00]} 5. c3 {[%emt 0:00:00]} h6 {[%emt 0:00:03]} 6. O-O {
[%emt 0:00:16]} d6 {[%emt 0:00:07]} 7. Re1 {[%emt 0:00:49]} O-O {[%emt 0:00:06]
} 8. Nbd2 {[%emt 0:00:17]} Bb6 {[%emt 0:00:02]} 9. h3 {[%emt 0:00:10]} Ne7 {
[%emt 0:00:01]} 10. a4 {[%emt 0:00:02]} a5 {[%emt 0:00:03]} 11. Bb3 {[%emt 0:
02:42]} c6 {[%emt 0:00:04]} 12. d4 {[%emt 0:00:08]} Ng6 {[%emt 0:00:04]} 13.
Nf1 {[%emt 0:00:14]} d5 {[%emt 0:01:00]} 14. Ng3 {[%emt 0:01:36]} Nxe4 {
[%emt 0:00:40]} 15. Nxe4 {[%emt 0:00:11]} dxe4 {[%emt 0:00:02]} 16. Rxe4 {
[%emt 0:01:32]} Bf5 {[%emt 0:00:30]} 17. Re1 {[%emt 0:00:13]} e4 {[%emt 0:00:
38]} 18. Nd2 {[%emt 0:00:35]} Qh4 {[%emt 0:00:04]} 19. Re3 {[%emt 0:05:51]}
Rae8 {[%emt 0:02:02]} 20. Nf1 {[%emt 0:01:42]} Bc7 {[%emt 0:00:23]} 21. Ng3 {
[%emt 0:00:16]} Bd7 {[%emt 0:00:59]} 22. Qc2 {[%emt 0:00:24]} Bf4 {[%emt 0:00:
58]} 23. Re2 {[%emt 0:00:38]} Bxg3 {[%emt 0:00:53]} 24. fxg3 {[%emt 0:00:02]}
Qxg3 {[%emt 0:00:01]} 25. Re3 {[%emt 0:00:35]} Qh4 {[%emt 0:00:29]} 26. Bd2 {
[%emt 0:00:08]} Kh7 {[%emt 0:00:51]} 27. Be1 {[%emt 0:00:07]} Qg5 {[%emt 0:00:
29]} 28. Rg3 {[%emt 0:00:21]} Qe7 {[%emt 0:00:31]} 29. Bd2 {[%emt 0:00:08]} f5
{[%emt 0:00:09]} 30. Rf1 {[%emt 0:00:01]} Qd6 {[%emt 0:01:17]} 31. Re3 {
[%emt 0:00:06]} f4 {[%emt 0:00:10]} 32. Rxe4 {[%emt 0:00:03]} Bf5 {[%emt 0:00:
02]} 33. Rfe1 {[%emt 0:00:03]} Rxe4 {[%emt 0:00:10]} 34. Rxe4 {[%emt 0:00:14]}
f3 {[%emt 0:00:12]} 0-1

[Event "FTX Crypto Cup Prelims 2021"]
[Site "Chess24"]
[Date "2021.05.18"]
[Round "3.1"]
[White "Caruana, Fabiano"]
[Black "Aronian, Levon"]
[Result "1/2-1/2"]
[WhiteElo "2773"]
[BlackElo "2778"]
[Annotator "TA"]
[PlyCount "163"]
[EventDate "2021.05.23"]
[EventType "tourn"]
[EventCountry "NET"]
[Tiebreak "Koya+Number of black wins+Number of wins"]
[SourceTitle "playchess.com"]
[Source "ChessBase"]
[SourceQuality "1"]

{[%evp 21,163,0,14,0,39,43,43,31,42,0,0,0,0,0,12,8,15,23,72,56,41,29,118,45,
211,206,191,203,191,171,234,0,0,0,0,0,0,0,0,0,0,0,0,0,0,0,76,76,76,95,81,61,77,
76,76,83,82,83,102,0,115,112,118,125,123,104,121,118,118,119,118,116,110,62,53,
67,125,7,7,8,8,0,0,0,0,0,0,0,0,0,0,0,0,0,18,18,22,0,22,0,47,0,0,0,0,0,0,0,0,0,
0,0,0,0,0,0,0,0,0,0,0,0,0,0,0,0,0,0,0,0,0,0,0,0,0,0,0,0,0,0,0,0,0,0]} 1. e4 e5
2. Nf3 Nc6 3. d4 exd4 4. Nxd4 Nf6 5. Nxc6 bxc6 6. e5 Qe7 7. Qe2 Nd5 8. g3 g6 9.
c4 Ba6 10. b3 Bg7 11. Bb2 O-O-O 12. Nd2 {has lost popularity (12.Bg2). C45:
Scotch Game.} Rhe8 {[%cal Rg7e5]} 13. O-O-O Nb6 {[%cal Rg7e5]} 14. f4 {White
is slightly better.} d5 15. Qe3 f6 $1 {[%cal Rf6e5]} 16. c5 Bxf1 17. cxb6 (17.
Rdxf1 Nd7 $17) (17. Nxf1 d4 $1 $17) 17... Ba6 18. bxa7 Kb7 {[%cal Rf6e5]} 19.
Nf3 Qb4 {[#]} 20. Rd4 $146 ({Predecessor:} 20. Rhe1 fxe5 21. fxe5 c5 22. e6 d4
23. Qf4 Re7 24. Ne5 Rxe6 25. Qf3+ Kxa7 26. Nc6+ Rxc6 27. Qxc6 {1-0 (33)
Panagiotakos,N (2169)-Naydenova,Y (1788) Nikaia 2010}) 20... Qb6 21. Qd2 {
Hoping for Rb4.} Bf8 (21... fxe5 $11 22. Nxe5 Bf8) 22. Re1 (22. exf6 $16 Re2
23. Qd1 (23. Qc3 c5 $11)) 22... Bc5 $2 (22... fxe5 $14 23. Nxe5 Kxa7) 23. exf6
$18 Bxd4 24. Bxd4 Rxe1+ 25. Qxe1 c5 26. Qe7 $2 cxd4 $11 27. Qxd8 {[%csl Gd8]
[%cal Ra7a8]} Qc5+ 28. Kd1 {White wants to mate with Qb8+.} Kxa7 29. f7 d3 {
( -> ...Qc2+)} 30. Nd4 $36 {[%mdl 2048] White fights for an advantage.} d2 $1 {
[%csl Gd2][%cal Rc5c1]} 31. Ne2 Bd3 {[%csl Gd3][%cal Rc5c2]} 32. Kxd2 Qc2+ 33.
Ke3 Qxe2+ (33... Ba6 $1 $11 {keeps the balance.} 34. Qxc7+ (34. Qxd5 Qxe2+ {
[%mdl 64] Double Attack} 35. Kd4 Qd3+ 36. Ke5 Qf5+ 37. Kd4 Qf6+ 38. Ke3 Kb8 $11
) (34. f8=Q $2 Qd3+ 35. Kf2 Qxe2+ {[%mdl 64] Double Attack} 36. Kg1 Qf1#) 34...
Qxc7) 34. Kd4 $16 Qe4+ 35. Kc3 Qe1+ 36. Kxd3 {[%mdl 4096] Endgame KQ-KQ} Qe4+
37. Kd2 $1 ({Much weaker is} 37. Kc3 Qe3+ 38. Kb2 Qe2+ 39. Kc1 Qe1+ 40. Kc2
Qe2+ 41. Kc3 Qe3+ 42. Kb4 Qb6+ 43. Ka4 Qa6+ 44. Kb4 Qb6+ 45. Kc3 (45. Ka4 Qa6+
46. Kb4 Qb6+ $11) 45... Qe3+ $11) 37... Qd4+ 38. Ke2 Qe4+ 39. Kf2 Qc2+ 40. Kf1
Qb1+ (40... Qc1+ $1 $11 {remains equal.} 41. Kg2 Qc2+ 42. Kh3 Qf5+ 43. g4 Qxf7)
41. Kg2 Qc2+ 42. Kh3 $1 Qf5+ {[#]} 43. g4 $1 {[%cal Rg4f5]} Qxf7 44. Kg3 Kb7
45. Qh8 Qe7 46. Qe5 Qc5 47. f5 Qg1+ 48. Kh4 d4 {[#]} (48... Qf2+ $14 49. Kg5
Qd2+ 50. Kf6 gxf5) 49. Qf4 (49. Qb5+ $1 $16 Kc8 50. Qe2) 49... Qe1+ $1 $11 50.
Kh3 Qc3+ 51. Kg2 {f6 is the strong threat.} d3 52. Qf3+ c6 $1 53. f6 Qc2+ 54.
Kh3 d2 55. f7 d1=Q 56. Qxd1 Qxd1 57. f8=Q {KQ-KQ} Qc2 58. Qf7+ Kb6 59. a4 Ka5
60. Kg3 Kb4 61. h4 c5 {The position is equal.} 62. Qf3 Qd2 63. g5 Qd6+ 64. Kg2
Qd4 65. Kh3 Qe5 66. Qd3 Qd4 67. Qf3 Qe5 68. Qd3 Qd4 69. Qb5+ Kc3 70. a5 Qe3+
71. Kg2 {Black must now prevent Qc4+.} Qe4+ 72. Kf2 {And now Qc4+! would win.}
(72. Kg3 {feels hotter.} Qe5+ 73. Kf3 Qd5+ 74. Kg4 Qe6+ 75. Kf4) 72... Qxh4+
73. Kf3 Qh3+ 74. Kf2 Qf5+ 75. Ke2 Qc2+ 76. Kf3 Qd1+ 77. Kf2 {Strongly
threatening Qc4+.} Qd4+ $1 78. Kf3 {Threatening Qc4+!} Qd5+ 79. Kf2 Qf5+ 80.
Ke2 Qg4+ 81. Kf2 {Threatens to win with Qc4+!} Qf4+ 82. Ke2 {Weighted Error
Value: White=0.13/Black=0.18} 1/2-1/2

[Event "FTX Crypto Cup Prelims 2021"]
[Site "Chess24"]
[Date "2021.05.18"]
[Round "3.2"]
[White "Radjabov, Teimour"]
[Black "Svidler, Peter"]
[Result "1-0"]
[WhiteElo "2758"]
[BlackElo "2742"]
[Annotator "TA"]
[PlyCount "55"]
[EventDate "2021.05.23"]
[EventType "tourn"]
[EventCountry "NET"]
[Tiebreak "Koya+Number of black wins+Number of wins"]
[SourceTitle "playchess.com"]
[Source "ChessBase"]
[SourceQuality "1"]

{[%evp 9,55,21,42,14,12,4,23,16,29,8,21,12,21,34,22,-14,-13,-14,8,7,15,15,37,
27,13,0,0,-8,0,-5,-12,-8,-29,-60,-62,-49,-68,-113,0,-3,32,28,35,50,180,203,192,
192]} 1. Nf3 {Giri,A} Nf6 2. c4 c5 3. Nc3 d5 4. cxd5 Nxd5 5. e3 Nxc3 6. dxc3 {
A34: Symmetrical English: 2 Nc3, lines with ...d5.} (6. bxc3 {keeps more
tension.} e6 7. d4 Nc6 8. Bd3 Be7 9. O-O) 6... Qc7 (6... Qxd1+ 7. Kxd1 Bf5 8.
Nd2 Nc6 9. e4 Be6 10. Kc2 g6 11. Bc4 Bd7 12. Nb3 b6 13. a4 Ne5 14. Bb5 a6 15.
Bxd7+ Nxd7 {1-0 (31) Radjabov,T (2724)-Svidler,P (2749) Geneva 2017 CBM 180 
[Lenderman,A]}) 7. e4 e6 8. Bd3 {[#] White has an edge.} Bd7 $146 ({
Predecessor:} 8... Be7 9. Qe2 Bd7 10. O-O O-O 11. e5 Bc6 12. Ng5 h6 13. Bh7+
Kh8 14. Bc2 c4 {1-0 (45) Radjabov,T (2758)-Vachier Lagrave,M (2774) Khanty
Mansiysk 2019 CBM 192 [Giri,A]}) 9. Qd2 Bc6 10. Qf4 Qxf4 11. Bxf4 Nd7 12. O-O-O
Be7 13. Bc2 f6 14. e5 Nb6 15. exf6 gxf6 16. Rhe1 Kf7 17. Bg3 (17. Rd2 {looks
sharper.} Bd5 18. Be4 Bxe4 19. Rxe4 e5 20. Bh6) 17... Rad8 18. Rxd8 Rxd8 19.
Bd1 Bf8 20. Nh4 Bh6+ 21. f4 Nd5 22. Bh5+ Kg8 $1 23. Rf1 e5 (23... Kf8 $17 24.
Kb1 Ne3) 24. Rd1 $11 {Black must now prevent Nf5.} Rf8 {[#]} ({Don't go for} 
24... Bxf4+ $2 25. Bxf4 exf4 26. c4 $18) (24... exf4 $5 25. Nf5 $8 fxg3+ 26.
Nxh6+ Kf8 $11) 25. Rxd5 Bxd5 26. Nf5 Be6 27. Nxh6+ $18 Kg7 28. Ng4 {Weighted
Error Value: White=0.08/Black=0.24} 1-0